| 000 | 01160cam a2200229 4500 | ||
|---|---|---|---|
| 001 | WB@3612-408 | ||
| 008 | 041004n2004 000 0 eng u | ||
| 035 | _a(Sirsi) u127617 | ||
| 245 | _aScotland to gain 21 500 new affordable homes | ||
| 260 | _c2004 | ||
| 490 |
_aScottish Executive News Release _v 30 September 2004 (2) |
||
| 520 | _aA new £1.17bn affordable homes plan for Scotland has been announced representing a one-third increase in housing approval rates over current levels, rising from around 6 000 per year to 8 000 in 2007/08. The rate at which homes for social rent are approved for construction will increase to 6 400 per year by 2007/08, twice as many per head compared to current English plans. It will also allow expansion in support for low-cost home ownership with 5 000 homes to be approved over the three year period. http://www.scotland.gov.uk/News/Releases/2004/09/3 0101527 | ||
| 590 | _aWB | ||
| 590 | _aWB | ||
| 650 | _aHOUSING APPROVAL | ||
| 650 | _aSCOTLAND | ||
| 650 | _aLOW-COST HOMES | ||
| 650 | _aSOCIAL RENTED SECTOR | ||
| 650 |
_aAffordable housing _96215 |
||
| 690 | _aHOUSING-DEVELOPMENT | ||
| 942 | _n0 | ||
| 999 |
_c118115 _d118115 |
||